| 000 | 00765cam a22002295a 4500 | ||
|---|---|---|---|
| 001 | 014674076 | ||
| 003 | OSt | ||
| 005 | 20180509120447.0 | ||
| 008 | 080715s2008 enka frb f001 0 eng d | ||
| 020 | _a9780521088626 | ||
| 040 |
_aStDuBDS _beng _cStDuBDS _dUk _dEG-ScBUE |
||
| 082 | 0 | 4 |
_a621.399 _222 _bOPT |
| 245 | 0 | 0 |
_aOptical pattern recognition / _cedited by Francis T.S. Yu and Suganda Jutamulia. |
| 260 |
_aCambridge : _bCambridge University Press, _c2008. |
||
| 300 |
_axv, 440 p. : _bill. ; _c24 cm. |
||
| 504 | _aIncludes bibliographical references and index. | ||
| 650 | 7 |
_aOptical pattern recognition. _2BUEsh |
|
| 653 |
_bENGELC _cMay2018 |
||
| 700 | 1 |
_aYu, Francis T. S., _d1932- _913263 _eeditor. |
|
| 700 | 1 |
_aJutamulia, Suganda, _eeditor. |
|
| 942 | _2ddc | ||
| 999 |
_c26674 _d26646 |
||